Body Parts Quiz - Statistics

General Stats
  • This quiz has been taken 73 times
  • The average score is 13 of 20
Answer Stats
Hint Answer % Correct
Pumps blood throughout the body Heart
100%
Controls your behavior, stores your knowledge, and helps you think Brain
95%
Body part that allows you to hear Ear
95%
Organ that can help you see Eye
95%
Body part where foods are being digested Stomach
93%
Hard body part that grows on fingers and toes Nail
88%
Stores your urine before it's released Bladder
79%
Helps you hold, lift, and reach things by stretching or moving them Arm
68%
Helps you bite, chew, and grind food Tooth
65%
Organ where air enters and exits your body Nose
63%
The thin outer covering of the body that covers your organs and bones Skin
63%
A muscle on the front of your upper arms Bicep
58%
The largest artery in your body Aorta
53%
Hard body part that supports your weight and keeps organs safe Bone
49%
A large muscle on the back of your upper arms Triceps
42%
The joint where your upper arm bone connects to your two forearm bones Elbow
40%
Supports your body weight when sitting, also known as a tailbone Coccyx
39%
The clear, curved part of this body part that covers the iris and the pupil Cornea
30%
Small and shaped like a tube that is attached to the large intestine Appendix
25%
Supports your body when you bend Knee
23%
No matching quizzes found
Score Distribution
Percent of People with Each Score
Percentile by Number Answered
Your Score History
You have not taken this quiz